| 000 | 01151nam0a22002771 4500 | ||
|---|---|---|---|
| 001 | rc\561601 | ||
| 005 | 20250621132424.0 | ||
| 035 | _a(NLR Aleph) 005796641 | ||
| 090 |
_a5253042 _c5253042 |
||
| 100 | _a20030616d1988 |||y0rusy50 ca | ||
| 101 | 0 | _arus | |
| 102 | _aRU | ||
| 105 | _aa ||||||||| | ||
| 200 | 1 |
_aСудебно-медицинская экспертиза при механической травме _eУчеб. пособие |
|
| 205 | _a[2-е изд., перераб. и доп. ] | ||
| 210 |
_aСаратов _cИзд-во Сарат. ун-та _d1988 |
||
| 215 |
_a100, [2] с. _cил. _d21 |
||
| 300 | _a1-е изд.: Судебно-медицинская экспертиза при повреждениях тупыми предметами и транспортными средствами / В.В. Козлов | ||
| 320 | _aБиблиогр.: с. 100-101 | ||
| 700 | 1 |
_aКозлов _bВ.В. _gВадим Валентинович |
|
| 701 | 1 |
_aУтехин _bС.В. _gСергей Владимирович |
|
| 801 | 0 |
_aRU _bNLR _gpsbo |
|
| 801 | 1 |
_aRU _bELAR _2rusmarc |
|
| 852 |
_aNLR _j89-3/2321 |
||
| 942 | _cBOOK | ||
| 980 | _aNB | ||